[Event "22nd Hogeschool Zeeland 2018"]
[Site "Vlissingen"]
[Date "2018.08.05"]
[Round "2"]
[White "Wagenvoorde, Guido"]
[Black "Gonzales, Jayson"]
[Result "0-1"]
[WhiteElo "2035"]
[BlackElo "2383"]
[Annotator "NA"]
[PlyCount "110"]
[EventDate "2018.08.04"]
[EventType "swiss"]
[EventCountry "NED"]
[SourceTitle "playchess.com"]
[Source "ChessBase"]
[SourceQuality "1"]
[TimeControl "40/5400+30:1800+30"]

1. d4 {[%emt 0:00:00]} d6 {[%emt 0:00:56]} 2. c4 {[%emt 0:00:00]} e5 {[%emt 0:00:35]} 3. Nf3 {[%emt 0:01:38]} Nd7 {[%emt 0:01:58]} 4. Nc3 {[%emt 0:00:17]} Ngf6 {[%emt 0:00:31]} 5. e4 {[%emt 0:00:32]} Be7 {[%emt 0:00:40]} 6. Be2 {[%emt 0:00:55]} c6 {[%emt 0:01:32]} 7. O-O {[%emt 0:00:50]} O-O {[%emt 0:00:46]} 8. h3 {[%emt 0:02:23]} a6 {[%emt 0:11:36]} 9. Qc2 {[%emt 0:10:15]} Re8 {[%emt 0:06:36] A55: Old Indian Defence with Nf3 and e4} (9... Qc7 10. Be3 b6 11. Rac1 Re8 12. Nd2 exd4 13. Bxd4 Bb7 14. f4 c5 15. Bf2 Bf8 16. Rce1 Nb8 17. Bf3 {1-0 (42) Fodor,T (2462)-Drazic,S (2433) Pula 2014}) 10. d5 {[%emt 0:07:11]} cxd5 {[%emt 0:02:39]} 11. cxd5 {[%emt 0:00:10]} b5 $146 {[%emt 0:00:31]} ({Predecessor:} 11... Nf8 12. Be3 Bd7 13. a4 Qc8 14. Rfc1 Ng6 15. Bf1 Nh5 16. Qb3 Qb8 17. a5 {1-0 (36) Barbosa,P (2254)-Chaves,J (2009) Natal 2011}) 12. b4 {[%emt 0:00:39]} Nb6 {[%emt 0:15:04]} 13. a4 {[%emt 0:11:36]} bxa4 {[%emt 0:00:41]} 14. Nxa4 {[%emt 0:00:28]} Bd7 {[%emt 0:00:05]} 15. Nc3 {[%emt 0:03:45]} Qc7 {[%emt 0:14:51]} 16. Nd2 {[%emt 0:04:09]} Rec8 {[%emt 0:08:25]} 17. Bb2 {[%emt 0:00:27]} Qb7 {[%emt 0:01:23]} 18. Qd3 {[%emt 0:05:17]} a5 {[%emt 0:09:07]} 19. bxa5 {[%emt 0:04:45]} Nbxd5 {[%emt 0:01:28]} 20. Nxd5 {[%emt 0:00:50]} Nxd5 {[%emt 0:00:03]} 21. Qxd5 {[%emt 0:01:14]} Qxb2 {[%emt 0:00:57]} 22. Rfb1 {[%emt 0:07:08]} Qc3 {[%emt 0:01:22]} 23. a6 {[%emt 0:09:54]} Be6 {[%emt 0:05:25]} 24. Qd3 {[%emt 0:00:06]} Qc5 {[%emt 0:00:44]} 25. Nf1 {[%emt 0:09:02]} Bd8 {[%emt 0:05:06]} 26. Ne3 {[%emt 0:06:02]} Bb6 {[%emt 0:01:06]} 27. Bg4 {[%emt 0:01:21]} Qd4 {[%emt 0:03:29]} 28. Qb5 {[%emt 0:04:01]} Rc5 {[%emt 0:03:10]} 29. Qb2 {[%emt 0:06:05]} Rc7 {[%emt 0:01:46]} 30. Bxe6 {[%emt 0:00:11]} fxe6 {[%emt 0:00:03]} 31. Qa2 {[%emt 0:02:20]} Kf7 {[%emt 0:00:55]} 32. Rd1 {[%emt 0:00:22]} Qc5 {[%emt 0:00:49]} 33. Qe2 {[%emt 0:01:11]} Qc6 {[%emt 0:00:54]} 34. Qf3+ {[%emt 0:00:41]} Kg8 {[%emt 0:00:09]} 35. Qg4 {[%emt 0:00:26]} Re7 {[%emt 0:00:32]} 36. Rac1 {[%emt 0:00:42]} Bc5 {[%emt 0:00:08]} 37. Nc4 {[%emt 0:00:49]} Qxa6 {[%emt 0:01:05]} 38. Rc2 {[%emt 0:00:37]} Bd4 {[%emt 0:00:37]} 39. Rdc1 {[%emt 0:00:31]} Rf8 {[%emt 0:00:21]} 40. Qg3 {[%emt 0:00:33]} Ref7 {[%emt 0:00:37]} 41. Rf1 {[%emt 0:06:51]} Rf4 {[%emt 0:03:09]} 42. Qb3 {[%emt 0:02:43]} Kh8 {[%emt 0:07:51]} 43. Nb2 $17 {[%emt 0:04:16]} R4f6 {[%emt 0:04:07]} 44. Nd3 {[%emt 0:01:28]} h6 {[%emt 0:00:46]} 45. Qc4 {[%emt 0:10:20]} Qa8 {[%emt 0:04:06]} 46. Qc6 {[%emt 0:00:43]} Qa3 {[%emt 0:00:08]} 47. Qb5 {[%emt 0:02:27]} d5 {[%emt 0:07:34]} 48. exd5 {[%emt 0:00:43]} e4 {[%emt 0:00:03]} 49. Nc5 {[%emt 0:02:12]} Rxf2 {[%emt 0:04:35]} 50. Rfxf2 {[%emt 0:00:33]} Rxf2 {[%emt 0:00:17]} 51. Rxf2 {[%emt 0:01:43]} Qc1+ {[%emt 0:00:16]} 52. Qf1 {[%emt 0:01:15]} Bxf2+ {[%emt 0:00:14]} 53. Kxf2 {[%emt 0:00:09]} Qxc5+ {[%emt 0:00:07]} 54. Kg3 {[%emt 0:00:47]} Qd6+ {[%emt 0:00:26]} 55. Kf2 {[%emt 0:00:49]} Qf4+ {[%emt 0:00:13]} 0-1

[Event "22nd Hogeschool Zeeland 2018"]
[Site "Vlissingen"]
[Date "2018.08.05"]
[Round "2"]
[White "Hng, Mei-En Emmanuelle"]
[Black "Miciano, John Marvin"]
[Result "0-1"]
[WhiteElo "2024"]
[BlackElo "2381"]
[Annotator "NA"]
[PlyCount "78"]
[EventDate "2018.08.04"]
[EventType "swiss"]
[EventCountry "NED"]
[SourceTitle "playchess.com"]
[Source "ChessBase"]
[SourceQuality "1"]
[TimeControl "40/5400+30:1800+30"]

1. e4 {[%emt 0:00:00]} d6 {[%emt 0:00:02]} 2. d4 {[%emt 0:00:00]} Nf6 {[%emt 0:00:11]} 3. Nc3 {[%emt 0:00:31]} g6 {[%emt 0:00:14]} 4. Be2 {[%emt 0:01:55]} Bg7 {[%emt 0:00:36]} 5. h3 {[%emt 0:01:47]} c6 {[%emt 0:01:32]} 6. Nf3 {[%emt 0:03:46]} O-O {[%emt 0:00:30]} 7. Be3 {[%emt 0:06:00]} b5 {[%emt 0:02:23]} 8. a3 {[%emt 0:02:33]} Nbd7 {[%emt 0:00:46]} 9. Qd2 {[%emt 0:04:37]} Qc7 {[%emt 0:04:40]} 10. Bh6 {[%emt 0:15:15]} a6 {[%emt 0:02:44]} 11. O-O {[%emt 0:04:51]} Bb7 {[%emt 0:02:05]} 12. Rad1 {[%emt 0:06:36]} c5 {[%emt 0:06:38]} 13. Bxg7 {[%emt 0:06:23]} Kxg7 {[%emt 0:00:18]} 14. Qe3 {[%emt 0:06:53]} b4 {[%emt 0:03:21]} 15. e5 {[%emt 0:11:51]} bxc3 {[%emt 0:09:51]} 16. exf6+ {[%emt 0:00:18]} Nxf6 {[%emt 0:00:15]} 17. Qxc3 {[%emt 0:01:02]} Nd5 {[%emt 0:05:39]} 18. Qd2 {[%emt 0:04:42]} c4 {[%emt 0:01:05]} 19. c3 {[%emt 0:05:03]} Nf6 {[%emt 0:04:34]} 20. Qe3 {[%emt 0:04:10]} Rab8 {[%emt 0:02:44]} 21. Nd2 {[%emt 0:03:16]} Bd5 {[%emt 0:02:30]} 22. Rb1 {[%emt 0:04:02]} Qc6 {[%emt 0:06:10]} 23. f3 {[%emt 0:01:13]} Be6 {[%emt 0:01:36]} 24. Qf2 {[%emt 0:01:12]} Rb7 {[%emt 0:05:07]} 25. b4 {[%emt 0:01:06]} cxb3 {[%emt 0:00:07]} 26. c4 {[%emt 0:00:10]} Qa4 {[%emt 0:00:05]} 27. Qe3 {[%emt 0:01:43]} Rfb8 {[%emt 0:02:23]} 28. Rb2 {[%emt 0:01:23]} Qxa3 {[%emt 0:02:02]} 29. Rfb1 {[%emt 0:00:19]} Bf5 {[%emt 0:00:07]} 30. Ne4 {[%emt 0:00:57]} d5 {[%emt 0:03:09]} 31. g4 {[%emt 0:01:00]} Bxe4 {[%emt 0:01:20]} 32. fxe4 {[%emt 0:00:13]} Nxe4 {[%emt 0:00:34]} 33. Bd1 {[%emt 0:01:03]} e6 {[%emt 0:05:11]} 34. cxd5 {[%emt 0:00:36]} exd5 {[%emt 0:00:09]} 35. Rxb3 {[%emt 0:00:24]} Rxb3 {[%emt 0:00:10]} 36. Rxb3 {[%emt 0:00:11]} Rxb3 {[%emt 0:00:14]} 37. Qxb3 {[%emt 0:00:41]} Qc1 {[%emt 0:01:49]} 38. Kg2 {[%emt 0:00:46]} Qd2+ {[%emt 0:00:08]} 39. Kg1 {[%emt 0:00:24]} Qf2+ {[%emt 0:26:31]} 0-1

[Event "22nd Hogeschool Zeeland 2018"]
[Site "Vlissingen"]
[Date "2018.08.05"]
[Round "2"]
[White "Unander, Matts"]
[Black "Ravi, Teja S."]
[Result "0-1"]
[WhiteElo "2010"]
[BlackElo "2374"]
[Annotator "NA"]
[PlyCount "62"]
[EventDate "2018.08.04"]
[EventType "swiss"]
[EventCountry "NED"]
[SourceTitle "playchess.com"]
[Source "ChessBase"]
[SourceQuality "1"]
[TimeControl "40/5400+30:1800+30"]

1. d4 {[%emt 0:00:00]} d5 {[%emt 0:00:23]} 2. Nf3 {[%emt 0:00:13]} Nf6 {[%emt 0:00:27]} 3. g3 {[%emt 0:01:14]} Bg4 {[%emt 0:01:18]} 4. Bg2 {[%emt 0:01:14]} c6 {[%emt 0:00:28]} 5. Nbd2 {[%emt 0:03:30]} e6 {[%emt 0:01:08]} 6. O-O {[%emt 0:01:16]} Nbd7 {[%emt 0:00:44]} 7. c4 {[%emt 0:00:36]} Be7 {[%emt 0:00:22]} 8. b3 {[%emt 0:01:06]} O-O {[%emt 0:00:29]} 9. Bb2 {[%emt 0:00:28]} a5 {[%emt 0:00:33]} 10. a3 {[%emt 0:08:02]} h6 {[%emt 0:04:47]} 11. Re1 {[%emt 0:06:48]} Qb6 {[%emt 0:04:15]} 12. c5 {[%emt 0:05:15]} Qc7 {[%emt 0:03:45]} 13. b4 {[%emt 0:03:56]} Bf5 {[%emt 0:03:04]} 14. Ne5 {[%emt 0:04:34]} b6 {[%emt 0:10:02]} 15. f4 {[%emt 0:08:08]} bxc5 {[%emt 0:05:25]} 16. bxc5 {[%emt 0:01:33]} a4 {[%emt 0:11:14]} 17. Bc3 {[%emt 0:01:55]} Rfd8 {[%emt 0:03:22]} 18. h3 {[%emt 0:09:07]} Bh7 {[%emt 0:10:35]} 19. e3 {[%emt 0:01:27]} Nxe5 {[%emt 0:01:39]} 20. fxe5 {[%emt 0:00:22]} Nd7 {[%emt 0:00:07]} 21. Qf3 {[%emt 0:09:48]} f6 {[%emt 0:06:03]} 22. exf6 {[%emt 0:03:21]} Bxf6 {[%emt 0:04:29]} 23. e4 {[%emt 0:05:28]} Rf8 {[%emt 0:08:07]} 24. Qg4 {[%emt 0:02:47]} Rae8 {[%emt 0:01:05]} 25. e5 {[%emt 0:01:56]} Bg5 {[%emt 0:01:09]} 26. Qd1 {[%emt 0:01:50]} Qa7 {[%emt 0:00:07]} 27. Nf3 {[%emt 0:00:56]} Bd8 {[%emt 0:00:42]} 28. Kh2 {[%emt 0:01:26]} Rf7 {[%emt 0:03:13]} 29. Rf1 {[%emt 0:03:08]} Ref8 {[%emt 0:00:26]} 30. Qd2 {[%emt 0:01:03]} Qa6 {[%emt 0:02:05]} 31. Ng1 {[%emt 0:08:02]} Rxf1 {[%emt 0:13:57]} 0-1

[Event "22nd Hogeschool Zeeland 2018"]
[Site "Vlissingen"]
[Date "2018.08.05"]
[Round "3"]
[White "Iturrizaga Bonelli, Eduardo"]
[Black "Rajesh, V A V"]
[Result "1-0"]
[WhiteElo "2640"]
[BlackElo "2325"]
[Annotator "TA"]
[PlyCount "123"]
[EventDate "2018.08.04"]
[EventType "swiss"]
[EventCountry "NED"]
[SourceTitle "playchess.com"]
[Source "ChessBase"]
[SourceQuality "1"]

{[%evp 9,123,19,24,20,18,22,29,0,-3,0,25,24,43,47,60,60,44,13,25,0,0,0,0,0,0,0,4,12,36,37,20,30,30,37,28,18,19,23,13,10,92,78,131,132,128,106,159,118,126,105,116,109,109,109,125,80,101,60,35,0,97,95,82,8,14,0,8,8,18,7,111,0,516,480,953,982,888,825,975,962,900,741,742,543,741,740,737,730,713,705,683,635,689,626,602,583,1322,1350,1118,1050,29970,29971,29964,5595,29980,4618,29973,29970,29987,29988,29988,29989,29989,29990,29990,29991]} 1. c4 Nf6 2. g3 c5 3. Bg2 Nc6 4. Nc3 e5 5. a3 (5. e3 d6 6. Nge2 Be7 7. O-O h5 8. f4 Bg4 9. h3 Be6 10. d3 Qd7 11. Kh2 e4 12. b3 h4 13. g4 exd3 14. Qxd3 Bxg4 15. hxg4 Nxg4+ {1-0 (31) Golubov,S (2484)-Pogosyan,S (2312) Moscow 2018}) 5... Be7 6. e3 {A36: Symmetrical English vs ...g6: 4 Bg2 Bg7} O-O 7. Nge2 {[%cal Bg1e2,Be2c3,Bc3b5][%mdl 32]} d6 8. h3 $146 {White has an edge.} ({Predecessor:} 8. O-O Bf5 9. d3 Qc8 10. Re1 Bh3 11. Bh1 a6 12. b3 Qf5 13. Ne4 Nxe4 14. Bxe4 Qh5 15. Bb2 Bg4 16. Qc2 Bd8 17. Nc3 {½-½ (17) Dondelinger,J (2290)-Schaar,M (2380) ICCF corr 1996}) 8... Be6 9. Nd5 Re8 10. d3 a5 11. Nec3 Rb8 12. Nb5 Qd7 13. Bd2 Bd8 14. Qb3 Bxd5 15. cxd5 Nb4 16. a4 e4 17. Bxb4 axb4 18. O-O Ra8 19. Qc4 {[%cal Rd3e4]} exd3 20. Qxd3 Re7 21. e4 {[%cal Be3e4,Be4e5,Be5e6][%mdl 32]} Ne8 22. f4 Nc7 23. e5 Nxb5 24. e6 Bb6 (24... Qc7 $11 25. Qxb5 Ra5) 25. Kh2 $1 $16 Qe8 (25... Qd8 $142 26. Qxb5 (26. axb5 Rxa1 27. Rxa1 Kh8 $14) 26... Ra5) 26. axb5 Rxa1 27. Rxa1 f6 (27... Rc7 $142) 28. g4 Rc7 29. Qc4 Kf8 30. Be4 g6 31. Bd3 Ke7 32. Kg3 Rc8 33. Kf3 Qh8 34. Rg1 Qg7 (34... h5 $1 $11) 35. h4 Qh6 {[#]} 36. Rh1 (36. Kg3 $1 $16) 36... f5 $1 $11 37. g5 Qg7 $1 {[%cal Rg7b2]} 38. h5 $36 {[%mdl 2048] White has some pressure.} Rh8 39. Qc2 Qd4 (39... c4 $1 $11 {keeps the balance.} 40. Bxc4 Qd4) 40. Bxf5 ({Only move:} 40. Bc4 $16) 40... gxf5 $4 {[%mdl 8192]} (40... c4 $11 41. hxg6 hxg6 42. Rxh8 Qxh8 43. Bxg6 Qh3+ 44. Ke4 Qh1+ 45. Kf5 Qh3+ 46. Ke4 Qh1+ 47. Kf5 Qh3+ 48. Ke4) 41. Qxf5 $18 Qg7 {[#]} (41... Kd8 $142 42. Qf6+ Qxf6 43. gxf6 Ke8) 42. h6 $1 {[%cal Rh6g7]} Qf8 43. Qe4 Bd8 44. f5 {Strongly threatening f6+.} Ke8 45. Qf4 {f6 is the strong threat.} Bxg5 46. Qxg5 {[%mdl 4096] Endgame KQR-KQR} Rg8 47. Qf4 Qf6 48. Qxd6 {Threatening mate with Qd7+.} Qxf5+ 49. Ke3 {White wants to mate with Qd7+.} Qg5+ 50. Qf4 Qxf4+ 51. Kxf4 {KR-KR} Ke7 52. Kf5 Rg2 {[#]} 53. d6+ $1 {[%mdl 512]} Kxd6 54. Rd1+ Ke7 55. Rd7+ Ke8 56. Rxh7 c4 57. Rc7 (57. Rxb7 $142 Rxb2 58. h7 Rf2+ 59. Ke5 Re2+ 60. Kd6 Rd2+ 61. Kc5 Rh2 62. Kxb4) 57... c3 58. h7 {White mates.} Rh2 {[#]} 59. h8=Q+ $1 {[%mdl 512]} Rxh8 60. Rc8+ Ke7 61. Rxh8 cxb2 62. Rh1 {Precision: White = 67%, Black = 45%.} 1-0

[Event "22nd Hogeschool Zeeland 2018"]
[Site "Vlissingen"]
[Date "2018.08.05"]
[Round "3"]
[White "Zeng, Chongsheng"]
[Black "Grochal, Joey"]
[Result "1-0"]
[WhiteElo "2539"]
[BlackElo "2300"]
[Annotator "TA"]
[PlyCount "111"]
[EventDate "2018.08.04"]
[EventType "swiss"]
[EventCountry "NED"]
[SourceTitle "playchess.com"]
[Source "ChessBase"]
[SourceQuality "1"]

{[%evp 25,111,2,32,40,51,25,29,13,49,52,61,55,70,33,33,33,39,37,26,32,31,11,8,13,12,5,387,389,333,375,377,0,0,0,0,-8,-8,-8,-15,-63,-67,-129,-134,-130,0,0,37,37,37,37,37,37,37,37,37,37,83,75,68,10,3,8,37,37,37,21,21,20,23,0,3,0,17,17,16,0,12,9,282,282,278,278,276,287,346,329,12841,12842]} 1. d4 Nf6 2. Nf3 e6 3. c4 b6 4. a3 Bb7 5. Nc3 d5 6. cxd5 Nxd5 7. Bd2 Nd7 8. Qc2 Be7 9. e4 Nxc3 10. Bxc3 O-O 11. Rd1 Qc8 12. Be2 {E12: Queen's Indian: Unusual White 4th moves, 4 a3, 4 Nc3 Bb7 5 a3 and 4 Nc3 Bb7} Nf6 13. Bd3 Ba6 {LiveBook: 3 Games} 14. Ne5 {White is slightly better.} c5 $146 ({Predecessor:} 14... Bxd3 15. Qxd3 c6 16. O-O Rd8 17. Qf3 Qb7 18. Rd3 c5 19. d5 exd5 20. exd5 Rxd5 {1-0 (34) Burmakin,V (2564)-Dvalishvili,P (2374) Tula 2002}) 15. Bxa6 Qxa6 16. dxc5 Bxc5 17. b4 Be7 {[#] ...Rac8 is the strong threat.} 18. Nc6 Rfe8 19. Bxf6 Bxf6 20. e5 Be7 21. Rd3 Bf8 22. O-O $36 {[%mdl 2048] White is pushing.} Rac8 23. Rfd1 (23. h4 {is interesting.} Rc7 24. h5 b5 25. Rc3 g6 26. Rc1) 23... b5 24. Rc3 Rc7 25. h4 (25. g3 {seems wilder.} Qb6 26. Kg2 g6 27. Qe4 a6 28. Rdc1) 25... Kh8 $2 {[%mdl 8192]} (25... h5 $11 {and Black is okay.}) 26. Nd8 $18 Rxc3 27. Qxc3 Kg8 28. Qf3 $2 (28. Rd7 $18 Be7 29. Nb7) 28... Re7 $11 29. g3 Rc7 30. h5 Qc8 31. Kg2 g6 32. hxg6 hxg6 33. Rd3 (33. Kg1 $15) 33... Bg7 $17 34. Qe4 Rc4 (34... Bh6 $17 {Threatens to win with ...Bg5.} 35. Rd6 Bf8) 35. Qf3 $11 Qc7 (35... Rc7 $5 {[%cal Rg7e5]}) 36. Qa8 {[#] Black must now prevent Nxe6+.} Kh7 37. Rf3 Qxe5 {Hoping for ...Qh5.} 38. Nxf7 Qd5 39. Qxd5 exd5 $14 {[%mdl 4096] Endgame KRB-KRN} 40. Rd3 Rc3 41. Rxd5 a6 42. a4 ({Better is} 42. Ng5+ $14 Kh6 43. Nf7+ Kh7 44. a4) 42... bxa4 $11 43. Ra5 a3 44. Rxa6 Rb3 45. Ng5+ Kh6 46. Ne6 Bb2 47. Nf4 Kh7 48. Nd5 Rd3 49. Ne3 Rb3 50. Nd5 Rd3 51. Ra7+ Bg7 $2 {[%mdl 8192]} (51... Kh6 $11 {and Black has nothing to worry.} 52. Nf4 Rb3) 52. Nf4 $18 Rd6 53. Rxa3 g5 54. Nd3 g4 55. b5 Kg6 $2 (55... Bd4 56. Nf4 Rb6) 56. Ra6 {Precision: White = 65%, Black = 47%.} 1-0

[Event "22nd Hogeschool Zeeland 2018"]
[Site "Vlissingen"]
[Date "2018.08.05"]
[Round "3"]
[White "Hausrath, Daniel"]
[Black "Lammens, Tim"]
[Result "1-0"]
[WhiteElo "2502"]
[BlackElo "2293"]
[Annotator "TA"]
[PlyCount "67"]
[EventDate "2018.08.04"]
[EventType "swiss"]
[EventCountry "NED"]
[SourceTitle "playchess.com"]
[Source "ChessBase"]
[SourceQuality "1"]

{[%evp 9,67,8,26,12,27,14,22,22,27,10,10,7,83,72,68,70,97,97,84,106,149,150,143,150,145,122,223,217,213,222,323,319,358,366,375,372,342,339,326,320,322,309,470,475,476,470,456,358,362,355,366,296,298,275,681,667,637,706,658,665]} 1. Nf3 d6 2. d4 Nf6 3. g3 c5 4. Bg2 (4. c3 b6 5. Bg2 Bb7 6. O-O Nbd7 7. a4 a6 8. Re1 e6 9. Nbd2 d5 10. e4 cxd4 11. Nxd4 dxe4 12. Nxe4 Nxe4 13. Bxe4 Bxe4 14. Rxe4 {½-½ (30) Abdulla,A (2454)-Jumabayev,R (2602) Ashkhabad 2017}) 4... cxd4 5. Nxd4 e5 {LiveBook: 3 Games} 6. Nb3 {A46: 1 d4 Nf6 2 Nf3 e6: Torre, London and Colle Systems} h6 $146 ({Predecessor:} 6... Be7 7. Nc3 O-O 8. O-O Nbd7 9. a4 a6 10. a5 Qc7 11. Be3 Nc5 {1-0 (42) Polugaevsky,L-Szabo,L Buesum 1969}) 7. O-O Be7 8. c4 {The position is equal.} O-O 9. Nc3 Nc6 10. Be3 Na5 (10... Bf5 $11 {keeps the balance.}) 11. Nxa5 $16 Qxa5 12. Qd2 Re8 13. Nb5 Qxd2 14. Bxd2 Rd8 15. Ba5 {[%cal Bd2a5,Ba5c7,Bc7b8][%mdl 32]} Rf8 16. Rfd1 Bg4 17. Kf1 Ne8 (17... Rac8 $16 {keeps fighting.}) 18. Bxb7 $18 Rb8 {[#]} 19. Ba6 $1 Nf6 (19... d5 $142 20. cxd5 (20. Rxd5 Be6 $16) 20... Bd7) 20. Bc7 Ne4 21. b4 (21. Bxb8 Rxb8 22. f3 Bh3+ 23. Ke1 Nc5 $18) 21... d5 22. c5 Bh3+ 23. Kg1 Bc8 24. Bxb8 Bxa6 25. Nc7 (25. Bxa7 Bxb5 26. Rxd5 Ra8 $15) ({Less strong is} 25. Nxa7 Rxb8 26. Nc6 (26. Rxd5 Rxb4 27. Nc6 Rb7 $16) 26... Re8 $18) (25. Bxe5 Bxb5 26. Rxd5 f6 $14) 25... Bxe2 (25... Bc4 $142 26. Rxd5 (26. Bxa7 Nc3 $18) 26... Bxc5) 26. Nxd5 Bxc5 27. bxc5 Bxd1 28. Rxd1 Rxb8 {[%mdl 4096] Endgame KRN-KRN} 29. c6 {[%cal Bc5c6,Bc6c7][%mdl 32]} Kf8 30. c7 {[%cal Rc7b8] [#]} Rc8 31. Nf6 gxf6 $2 (31... Rxc7 32. Nxe4 f5) 32. Rd8+ {White is clearly winning.} Ke7 33. Rxc8 Kd7 34. Ra8 {Precision: White = 95%, Black = 34%.} 1-0

[Event "22nd Hogeschool Zeeland 2018"]
[Site "Vlissingen"]
[Date "2018.08.05"]
[Round "3"]
[White "Henrichs, Thomas"]
[Black "Peek, Marcel"]
[Result "0-1"]
[WhiteElo "2486"]
[BlackElo "2290"]
[Annotator "TA"]
[PlyCount "122"]
[EventDate "2018.08.04"]
[EventType "swiss"]
[EventCountry "NED"]
[SourceTitle "playchess.com"]
[Source "ChessBase"]
[SourceQuality "1"]

{[%evp 12,122,21,6,22,22,23,22,28,23,26,21,12,18,38,27,34,30,37,33,47,50,71,44,51,45,59,56,66,56,63,64,103,95,105,25,24,0,97,88,102,78,114,118,131,118,145,150,289,154,264,272,265,203,189,197,187,128,154,139,128,0,0,0,0,0,0,0,0,-218,-221,-216,-195,-394,-398,-393,-391,-368,0,0,0,-49,-63,-36,0,0,0,0,0,0,0,0,0,-71,-70,-529,-277,-1019,-1008,-1008,-1028,-1028,0,-399,0,-1027,-987,-954,-1027,-908,-887,-974,-945]} 1. c4 e5 2. Nc3 Bb4 3. Nd5 Bc5 4. Nf3 c6 5. Nc3 d6 6. e3 {A21: Englische Eröffnung} Bb4 7. Qb3 {LiveBook: 4 Partien} (7. d4 Nd7 8. Qc2 Ngf6 9. a3 Bxc3+ 10. Qxc3 O-O 11. Be2 Re8 12. b4 e4 {0-1 (47) Caruana,F (2805)-Anand,V (2786) Stavanger 2017 CBM 179 [Hillarp Persson,T]}) 7... Bxc3 $146 ({Vorgänger:} 7... Ba5 8. Be2 Nf6 9. d3 e4 10. dxe4 Nxe4 11. Bd2 Nxd2 12. Nxd2 Na6 {½-½ (20) Tomashevsky,E (2696)-Hammer,J (2621) Moscow 2017}) 8. Qxc3 {Die Stellung ist ausgeglichen.} Nf6 9. d4 e4 10. Nd2 O-O 11. b3 Re8 12. h3 d5 13. Be2 Nbd7 14. Ba3 Nf8 15. Qb4 b6 16. Qd6 Bd7 17. Rc1 Re6 18. Qh2 a5 19. O-O b5 20. Bd6 Ne8 21. Bg3 bxc4 22. bxc4 Rh6 23. cxd5 (23. Bf4 $16 Rg6 24. f3) 23... cxd5 $11 24. Rc5 Be6 (24... Rb6 $11 25. Rxd5 Rb2) 25. Rfc1 Nd7 26. Rc6 Nb8 27. R6c3 $36 {[%mdl 2048] Läuft bei Weiss.} Nd7 28. Nb3 g5 29. Nc5 Nxc5 (29... Bf5 $16 30. Bb5 Qe7) 30. Rxc5 (30. dxc5 $18 {Und weiter mit c6 wäre nett.} d4 31. exd4) 30... g4 (30... a4 $16 {war angesagt.} 31. Be5 a3) 31. Bf4 $18 Rg6 32. h4 h5 33. Bb5 Ng7 34. Bc7 ({Besser ist} 34. g3 $18) 34... Qe7 $16 35. Bc6 Rc8 36. Bb7 (36. Bf4 $16) 36... g3 $1 $11 {[%cal Rg3h2]} 37. fxg3 Rxc7 $1 38. Rxc7 Qb4 {Mit der Idee ...Se8.} 39. Bc8 {Und Lxe6 würde nun gewinnen.} Qd2 40. g4 $2 (40. R7c3 $11) 40... Qxe3+ $19 41. Kh1 Rxg4 42. R7c3 $2 (42. Bxe6 Nxe6 43. Rc8+ Kh7 44. Rf1) 42... Qxd4 43. Bxe6 Nxe6 44. Rg3 Qf2 $2 (44... e3 $1 $19 45. Re1 e2 $1 {[%mdl 512]} 46. Rxg4+ Qxg4) 45. Rxg4+ $11 hxg4 {[%mdl 4096] Endspiel KDT-KDS} 46. Rc8+ (46. Qe5 $5 {[%cal Rc1c8]} Qxh4+ 47. Qh2 Qxh2+ 48. Kxh2 $19) 46... Kh7 {Droht stark ...g3.} 47. Qe5 Qe1+ 48. Kh2 {Beabsichtigt Th8+ und Matt.} Qxh4+ 49. Kg1 {jetzt Th8+ und aus.} Qe1+ 50. Kh2 {Weiss will mit Th8+ Matt setzen.} Qh4+ 51. Kg1 {Droht Matt per Th8+.} Ng7 {Weiss muss nun ...g3 beachten.} 52. g3 {[#]} (52. Qxd5 $11 {bleibt in der Remisbreite.} g3 53. Qxf7 Qh2+ 54. Kf1 Qh1+ 55. Ke2 Qxg2+ 56. Ke3 Qg1+ 57. Ke2 Qh2+ 58. Ke3 Qh6+ 59. Kxe4 Qh1+ 60. Kd4) 52... Qh6 $1 $17 {[%cal Rh6e3] zielt auf ...De3+ ab.} 53. Qxd5 $2 {[%mdl 8192]} (53. Rc2 $1 $15 Qe6 54. Qxe6 fxe6 55. Kf2) 53... Qe3+ $19 54. Kh2 $2 (54. Kf1 Qf3+ 55. Ke1 Qxg3+ 56. Kf1 Qf3+ 57. Kg1) 54... Qf2+ 55. Kh1 Qf1+ 56. Kh2 Qf2+ $2 (56... Qh3+ 57. Kg1 Qxg3+ 58. Kf1 Qf3+ 59. Kg1 g3) 57. Kh1 Qf1+ $2 (57... e3 58. Qg2 Qf3) 58. Kh2 Qh3+ {Schwarz steht klar auf Gewinn.} 59. Kg1 Qxg3+ 60. Kf1 Qf3+ 61. Ke1 g3 {Precision: Weiß = 41%, Schwarz = 49%.} 0-1